000 00323 a2200109 4500
001 ART_41948
005 20260410161814.0
008 260409a
245 1 0 _aEl filósofo como buscador del sentido propio
100 1 _aD'Auria, Aníbal
773 0 _tAcademia
_g- Año 8, Nº 15 (ene./jun. 2010)
_wREV4314
999 _c21748
_d21748